| 000 | 01536cam a22003738i 4500 | ||
|---|---|---|---|
| 001 | 20420829 | ||
| 003 | OSt | ||
| 005 | 20240221093802.0 | ||
| 008 | 180327r20182015nyu 001 0 eng | ||
| 010 | _a 2018015154 | ||
| 020 | _a9781616897574 | ||
| 040 |
_aDLC _beng _erda _cDLC |
||
| 042 | _apcc | ||
| 050 | 0 | 0 |
_aNA737.M4 _bA4 2018 |
| 082 | 0 | 0 |
_a720.97309034 _223 _bSEI |
| 130 | 0 |
_aMonograph of the work of McKim, Mead & White _9120942 |
|
| 245 | 1 | 0 |
_aSelected works of McKim, Mead & White, 1879-1915 / _cwith an introduction by Richard Guy Wilson ; essay by Leland Roth. |
| 250 | _aFirst edition. | ||
| 260 |
_aNew York: _bPrinceton Architectural Press; _c2018. |
||
| 263 | _a1811 | ||
| 300 | _a399p.: | ||
| 500 | _aIncludes index. | ||
| 610 | 2 | 0 |
_aMcKim, Mead & White. _9120943 |
| 650 | 0 |
_aArchitecture _zUnited States _xHistory _y19th century. _932413 |
|
| 650 | 0 |
_aArchitecture _zUnited States _xHistory _y20th century. _932294 |
|
| 700 | 1 |
_aRoth, Leland M. _932426 |
|
| 700 | 1 |
_aWilson, Richard Guy, _d1940- _ewriter of introduction. _9120944 |
|
| 710 | 2 |
_aInstitute of Classical Architecture & Art. _9120945 |
|
| 775 | 0 |
_iReproduction of (manifestation): _tMonograph of the work of McKim, Mead & White _dNew York, The Architectural book publishing co. c1914-15 _h4 v. plates. 53 cm. _w(DLC) 14018045 |
|
| 906 |
_a7 _bcbc _corignew _d1 _eecip _f20 _gy-gencatlg |
||
| 942 |
_2ddc _cBK _aSADA _kREF 720.97309034 SEl 2018 |
||
| 999 |
_c607944 _d607944 |
||